header

Petroleum engineering handbook (Record no. 53864)

MARC details
000 -LEADER
fixed length control field 01324nam a2200313Ia 4500
100 1# - MAIN ENTRY--AUTHOR NAME
Personal name Lake, Larry W.
245 10 - TITLE STATEMENT
Title Petroleum engineering handbook
260 ## - PUBLICATION, DISTRIBUTION, ETC. (IMPRINT)
Place of publication Richardson, TX :
Name of publisher Society Of Petroleum Engineers,
Year of publication 2007.
300 ## - PHYSICAL DESCRIPTION
Number of Pages vi, 629 p. :
Other physical details ill. (some col.)
650 #0 - SUBJECT ADDED ENTRY--TOPICAL TERM
Topical Term Petroleum engineering
Topical Term Petroleum industry and trade.
700 1# - ADDED ENTRY--PERSONAL NAME
Personal name Lake, Larry W.
Personal name Warner, H. R.
856 40 - ELECTRONIC LOCATION AND ACCESS
Uniform Resource Identifier http://site.ebrary.com/lib/rucke/Doc?id=10619567

No items available.

© 2026 Rongo University
Contact us: librarian | system librarian | Rongo university